Appleton´s revised cuyas dictionary (Record no. 10213)
[ view plain ]
| 000 -CABECERA | |
|---|---|
| campo de control de longitud fija | 00962nam a2200265 a 4500 |
| 001 - NÚMERO DE CONTROL | |
| campo de control | BRL_1403 |
| 005 - FECHA Y HORA DE LA ÚLTIMA TRANSACCIÓN | |
| campo de control | 20190320211203.0 |
| 008 - DATOS DE LONGITUD FIJA--INFORMACIÓN GENERAL | |
| campo de control de longitud fija | 130114s1956----u--######d---#000-0#eng-# |
| 041 ## - CÓDIGO DE LENGUA | |
| Código de lengua del texto/banda sonora o título independiente | eng |
| Código de lengua original | spa |
| 044 ## - CÓDIGO DEL PAÍS DE LA ENTIDAD EDITORA/PRODUCTORA | |
| Código MARC del país | u |
| 050 #4 - SIGNATURA TOPOGRÁFICA DE LA BIBLIOTECA DEL CONGRESO | |
| Número de clasificación | PC4640 |
| Número de documento/Ítem | .C89 1956 |
| 100 1# - ENTRADA PRINCIPAL--NOMBRE DE PERSONA | |
| Nombre de persona | Cuyás, Arturo |
| Fechas asociadas al nombre | 1845-1925 |
| 9 (RLIN) | 26789 |
| 245 10 - MENCIÓN DE TÍTULO | |
| Título | Appleton´s revised cuyas dictionary |
| Mención de responsabilidad, etc. | by Arturo Cuyas ; revised and enlarged by Lewis E. Brett (part I) and Helen S. Eaton, with the assistance of Walter Beveraggi-Allende (part II) |
| 260 ## - PUBLICACIÓN, DISTRIBUCIÓN, ETC. | |
| Lugar de publicación, distribución, etc. | New York |
| Nombre del editor, distribuidor, etc. | The Grolier Society |
| Fecha de publicación, distribución, etc. | 1956 |
| 300 ## - DESCRIPCIÓN FÍSICA | |
| Extensión | 2 v. |
| Dimensiones | 28 cm. |
| 500 ## - NOTA GENERAL | |
| Nota general | v.1 Au1680, v.2 Au1679 |
| 500 ## - NOTA GENERAL | |
| Nota general | Estado físico: Las paginas 233 - 240 del v.2 estan desprendidas. |
| 650 14 - PUNTO DE ACCESO ADICIONAL DE MATERIA--TÉRMINO DE MATERIA | |
| Término de materia o nombre geográfico como elemento de entrada | Inglés |
| Subdivisión de forma | Diccionarios |
| Subdivisión general | Español |
| 9 (RLIN) | 5933 |
| 650 14 - PUNTO DE ACCESO ADICIONAL DE MATERIA--TÉRMINO DE MATERIA | |
| Término de materia o nombre geográfico como elemento de entrada | Español |
| Subdivisión de forma | Diccionarios |
| Subdivisión general | Inglés |
| 9 (RLIN) | 5934 |
| 700 1# - PUNTO DE ACCESO ADICIONAL--NOMBRE DE PERSONA | |
| Nombre de persona | Brett, Lewis E. |
| 9 (RLIN) | 10916 |
| 700 1# - PUNTO DE ACCESO ADICIONAL--NOMBRE DE PERSONA | |
| Nombre de persona | Eaton, Helen S. |
| 9 (RLIN) | 10917 |
| 700 1# - PUNTO DE ACCESO ADICIONAL--NOMBRE DE PERSONA | |
| Nombre de persona | Beveraggi-Allende, Walter |
| 9 (RLIN) | 10918 |
| 902 ## - CATALOGADOR | |
| Iniciales | GRL |
| 942 ## - ELEMENTOS DE PUNTO DE ACCESO ADICIONAL (KOHA) | |
| Fuente del sistema de clasificación o colocación | Library of Congress Classification |
| Tipo de ítem Koha | Libros |
| Estado de retiro | Estado de pérdida | Estado dañado | No para préstamo | Localización permanente | Ubicación/localización actual | Fecha de adquisición | Total de préstamos | Signatura topográfica completa | Código de barras | Fecha visto por última vez | Precio válido a partir de | Tipo de ítem Koha |
|---|---|---|---|---|---|---|---|---|---|---|---|---|
| El ejemplar forma parte de la colección y puede ser consultado según las políticas vigentes. | Biblioteca Centro de Estudios Ruth D. Lechuga | Biblioteca Centro de Estudios Ruth D. Lechuga | 13/01/2014 | PC4640 .C89 1956 | GRL01560 | 22/03/2019 | 22/03/2019 | Libros | ||||
| El ejemplar forma parte de la colección y puede ser consultado según las políticas vigentes. | Biblioteca Centro de Estudios Ruth D. Lechuga | Biblioteca Centro de Estudios Ruth D. Lechuga | 07/12/2015 | PC4640 .C89 1956 | GRL01574 | 22/03/2019 | 22/03/2019 | Libros |